Utilisation comparée de la galerie réduite de Leminor et de la galerie Api 20 E pour l'identification des entérobactéries (Record no. 46738)

MARC details
000 -LEADER
fixed length control field 00712nam a22002177a 4500
003 - CONTROL NUMBER IDENTIFIER
control field 0
005 - DATE AND TIME OF LATEST TRANSACTION
control field 20160609165300.0
008 - FIXED-LENGTH DATA ELEMENTS--GENERAL INFORMATION
fixed length control field 100118t xxu||||| |||| 00| 0 eng d
037 ## - SOURCE OF ACQUISITION
Stock number M15469
Source of stock number/acquisition BIBLIO
040 ## - SOURCE DU CATALOGAGE
Original cataloging agency UAC
Language of cataloging F
Transcribing agency EPAC
082 ## - DEWEY DECIMAL CLASSIFICATION NUMBER
Classification number 27.ABM/ADE
100 ## - VEDETTE PRINCIPALE - NOM DE PERSONNE
Personal name Ademikpo , Romuald
9 (RLIN) 2862
245 ## - TITLE STATEMENT
Title Utilisation comparée de la galerie réduite de Leminor et de la galerie Api 20 E pour l'identification des entérobactéries
260 ## - PUBLICATION, DISTRIBUTION, ETC. (IMPRINT)
Place of publication, distribution, etc EPAC-UAC
Name of publisher, distributor, etc EPAC-UAC
Date of publication, distribution, etc 2007-2008
300 ## - PHYSICAL DESCRIPTION
Extent 1-30p
Dimensions 29cm
500 ## - GENERAL NOTE
General note Mem Ecole Polytechnique d'Abomey Calavi<br/>2008
650 ## - SUBJECT ADDED ENTRY--TOPICAL TERM
Topical term or geographic name as entry element ENTEROBACTERIE GALERIE
9 (RLIN) 2863
650 ## - SUBJECT ADDED ENTRY--TOPICAL TERM
Topical term or geographic name as entry element LEMINOR GALERIE API20E
9 (RLIN) 2863
700 ## - ADDED ENTRY--PERSONAL NAME
Personal name Senouwa , D. Luc
9 (RLIN) 11542
942 ## - ADDED ENTRY ELEMENTS (KOHA)
Koha item type Thèse et Memoire
Holdings
Withdrawn status Lost status Damaged status Not for loan Location (home branch) Sublocation or collection (holding branch) Date acquired Source of acquisition Koha issues (times borrowed) Koha full call number Piece designation (barcode) Koha date last seen Copy number Price effective from Koha item type
        Bibliothèque Ecole Polytechnique d'Abomey-Calavi Bibliothèque Ecole Polytechnique d'Abomey-Calavi 24/11/2010 Dépot légal   27./ABM/ADE R16152EPAC 24/11/2010 1 24/11/2010 Thèse et Memoire
        Bibliothèque Ecole Polytechnique d'Abomey-Calavi Bibliothèque Ecole Polytechnique d'Abomey-Calavi 24/11/2010 Dépot légal   27./ABM/ADE R16153EPAC 24/11/2010 2 24/11/2010 Thèse et Memoire
        Bibliothèque Ecole Polytechnique d'Abomey-Calavi Bibliothèque Ecole Polytechnique d'Abomey-Calavi 24/11/2010 Dépot légal   27./ABM/ADE R16154EPAC 24/11/2010 3 24/11/2010 Thèse et Memoire


© 2008, Bibliothèques de l'Université d'Abomey-Calavi

04 BP 789 Cotonou, Tél. : +229 21 36 01 01, Fax : +229 21 35 06 32

Courriel : bu@bu.uac.bj